000 00459nam a2200193Ia 4500
003 OSt
005 20221005130320.0
006 a|||||r|||| 00| 0
007 ta
008 221004b |||||||| |||| 00| 0 eng d
024 _a112819
037 _cTextual
040 _aCRL
_cCRL
_beng
041 _2eng
_aeng
100 _aMayer & Kohn
_9637918
245 0 _aReadingsin Urban Geography
942 _cTEXL
_2cc
999 _c1056814
_d1056814